<?xml version="1.0" encoding="UTF-8"?><?xml-stylesheet type="text/xsl" href="static/style.xsl"?><OAI-PMH xmlns="http://www.openarchives.org/OAI/2.0/" xmlns:xsi="http://www.w3.org/2001/XMLSchema-instance" xsi:schemaLocation="http://www.openarchives.org/OAI/2.0/ http://www.openarchives.org/OAI/2.0/OAI-PMH.xsd"><responseDate>2026-04-17T21:40:59Z</responseDate><request verb="GetRecord" identifier="oai:www.recercat.cat:2072/465011" metadataPrefix="marc">https://recercat.cat/oai/request</request><GetRecord><record><header><identifier>oai:recercat.cat:2072/465011</identifier><datestamp>2024-11-04T04:50:47Z</datestamp><setSpec>com_2072_98</setSpec><setSpec>col_2072_378192</setSpec></header><metadata><record xmlns="http://www.loc.gov/MARC21/slim" xmlns:dcterms="http://purl.org/dc/terms/" xmlns:xsi="http://www.w3.org/2001/XMLSchema-instance" xmlns:doc="http://www.lyncode.com/xoai" xsi:schemaLocation="http://www.loc.gov/MARC21/slim http://www.loc.gov/standards/marcxml/schema/MARC21slim.xsd">
   <leader>00925njm 22002777a 4500</leader>
   <datafield ind2=" " ind1=" " tag="042">
      <subfield code="a">dc</subfield>
   </datafield>
   <datafield ind2=" " ind1=" " tag="720">
      <subfield code="a">Gumiel Molina, Silvia</subfield>
      <subfield code="e">author</subfield>
   </datafield>
   <datafield ind2=" " ind1=" " tag="260">
      <subfield code="c">2022</subfield>
   </datafield>
   <datafield ind2=" " ind1=" " tag="520">
      <subfield code="a">El estudio de las funciones sintácticas supone el objetivo central de la reflexión gramatical en enseñanzas medias; dentro de este, atributos y complementos predicativos se enseñan como una función más, a pesar de que establecen una relación diferente con otros elementos de la oración en tanto que son predicados. En este artículo se ofrecen algunas claves que ayuden a los docentes de niveles no universitarios a mejorar su práctica docente en sintaxis a través de estas dos funciones; para ello se proporciona, en primer lugar, una pequeña revisión de algunos aspectos teóricos; en segundo lugar, se hace referencia a cómo se trabajan estos contenidos en secundaria y se señalan los principales problemas detectados; por último, se presenta un conjunto de actividades que pueden ser utilizadas en el aula para trabajar con estas dos funciones.</subfield>
   </datafield>
   <datafield ind2=" " ind1=" " tag="520">
      <subfield code="a">L'estudi de les funcions sintàctiques suposa l'objectiu central de la reflexió gramatical en ensenyaments mitjans; dins d'aquest, atributs i complements predicatius s'ensenyen com una funció més, malgrat que estableixen una relació diferent amb altres elements de l'oració en tant que són predicats. En aquest article s'ofereixen algunes claus que ajudin els docents de nivells no universitaris a millorar la seva pràctica docent en sintaxi a través d'aquestes dues funcions; per a això es proporciona, en primer lloc, una petita revisió d'alguns aspectes teòrics; en segon lloc, es fa referència a com es treballen aquests continguts en secundària i s'assenyalen els principals problemes detectats; finalment, es presenta un conjunt d'activitats que poden ser utilitzades a l'aula per a treballar amb aquestes dues funcions.</subfield>
   </datafield>
   <datafield ind2=" " ind1=" " tag="520">
      <subfield code="a">The study of syntactic functions is conceived as the central objective of syntactic reflection in secondary education; in this sense, attributes and secondary predicates are taught as the rest of the syntactic functions, although they establish a different relationship with other elements of the sentence since they are predicates. In this paper I try to offer some keys that help non-university level teachers to improve their teaching practice in syntax through these two functions. To do this, a brief review of some theoretical aspects is provided, firstly; second, reference is made to how these contents are worked on in secondary school and the main problems detected are pointed out; finally, a set of activities is presented that can be used in the classroom to work with these two functions.</subfield>
   </datafield>
   <datafield ind1="8" ind2=" " tag="024">
      <subfield code="a">http://hdl.handle.net/2072/465011</subfield>
   </datafield>
   <datafield tag="653" ind2=" " ind1=" ">
      <subfield code="a">Attribute</subfield>
   </datafield>
   <datafield tag="653" ind2=" " ind1=" ">
      <subfield code="a">Secondary predicates</subfield>
   </datafield>
   <datafield tag="653" ind2=" " ind1=" ">
      <subfield code="a">Syntactic reflection</subfield>
   </datafield>
   <datafield tag="653" ind2=" " ind1=" ">
      <subfield code="a">Predicative object</subfield>
   </datafield>
   <datafield tag="653" ind2=" " ind1=" ">
      <subfield code="a">Predicativo</subfield>
   </datafield>
   <datafield tag="653" ind2=" " ind1=" ">
      <subfield code="a">Atributo</subfield>
   </datafield>
   <datafield tag="653" ind2=" " ind1=" ">
      <subfield code="a">Complemento predicativo</subfield>
   </datafield>
   <datafield tag="653" ind2=" " ind1=" ">
      <subfield code="a">Predicación secundaria</subfield>
   </datafield>
   <datafield tag="653" ind2=" " ind1=" ">
      <subfield code="a">Sintaxis reflexiva</subfield>
   </datafield>
   <datafield tag="653" ind2=" " ind1=" ">
      <subfield code="a">Predicatiu</subfield>
   </datafield>
   <datafield tag="653" ind2=" " ind1=" ">
      <subfield code="a">Atribut</subfield>
   </datafield>
   <datafield tag="653" ind2=" " ind1=" ">
      <subfield code="a">Complement predicatiu</subfield>
   </datafield>
   <datafield tag="653" ind2=" " ind1=" ">
      <subfield code="a">Predicació secundària</subfield>
   </datafield>
   <datafield tag="653" ind2=" " ind1=" ">
      <subfield code="a">Sintaxi reflexiva</subfield>
   </datafield>
   <datafield ind2="0" ind1="0" tag="245">
      <subfield code="a">Atributos y predicativos : el reto de hacer de la predicación un asunto interesante</subfield>
   </datafield>
</record></metadata></record></GetRecord></OAI-PMH>